Jambak 1 : proses kreatif pengarang Melayu

Bibliographic Details
Format: Book
Published: Kuala Lumpur : DBP , 1993
Subjects:

MARC

LEADER 00000cam a2200000 7i4500
001 0000005163
002 000005575
005 20011128.0
020 |a 9836236465 
090 0 0 |a M 899.2309   |b JAM 
245 0 0 |a Jambak 1 :   |b proses kreatif pengarang Melayu   |c diselenggarakan oleh Ahmad Kamal Abdullah 
260 |a Kuala Lumpur :   |b DBP ,   |c 1993 
300 |a 269p. ;   |c 22cm. 
650 0 0 |a Authors, Malays   |z Malaysia 
650 0 0 |a Creation (library, artistic, etc) 
650 0 0 |a Creative writing 
999 |a 031191   |b BUKU   |c RUJUKAN   |e PERPUSTAKAAN KOMUNITI PETALING JAYA